| 000 | 01013cam a22002534a 4500 | ||
|---|---|---|---|
| 999 |
_c59819 _d59819 |
||
| 001 | 14296723 | ||
| 005 | 20230425094119.0 | ||
| 008 | 060310s2006 enka 001 0 eng | ||
| 020 | _a9780470019153x | ||
| 041 | _aeng | ||
| 080 | _a616.896 F-56 | ||
| 100 | 1 |
_aFirst, Michael B. _d _917766 |
|
| 245 | 1 | 0 |
_aClinical guide to the diagnosis and treatment of mental disorders / _cMichael B. First, Allan Tasman. |
| 264 |
_aHoboken : _bWiley, _c2006. |
||
| 300 |
_a483 p. : _bill. ; _c25 cm. |
||
| 653 | _aფსიქიკური აშლილობა | ||
| 653 | _aმედიცინა | ||
| 653 | _aფსიქიატრია | ||
| 700 | 1 |
_aTasman, Allan _d _917767 |
|
| 856 | 4 | 1 |
_3Table of contents _uhttp://www.loc.gov/catdir/toc/ecip0610/2006008578.html |
| 856 | 4 | 2 |
_3Publisher description _uhttp://www.loc.gov/catdir/enhancements/fy0659/2006008578-d.html |
| 856 | 4 | 2 |
_3Contributor biographical information _uhttp://www.loc.gov/catdir/enhancements/fy0740/2006008578-b.html |
| 942 |
_2udc _cBK |
||